[Event "Titled Tue 3rd Jun Early"]
[Site "chess.com INT"]
[Date "2025.06.03"]
[Round "6"]
[White "Sychev, Klementy"]
[Black "Odegov, Artem"]
[Result "1-0"]
[WhiteTitle "GM"]
[BlackTitle "FM"]
[WhiteElo "2542"]
[BlackElo "2244"]
[WhiteFideId "4114060"]
[BlackFideId "34183644"]
[EventDate "2025.06.03"]

1. e4 e5 2. Nf3 Nf6 3. Nxe5 d6 4. Nf3 Nxe4 5. c4 Nc6 6. Nc3 Nf6 7. d4 d5 8. c5
Be7 9. Bb5 O-O 10. h3 Ne4 11. O-O Bf6 12. Bf4 Ne7 13. Re1 Bf5 14. Bd3 Ng6 15.
Bh2 Re8 16. Qc2 Nxc3 17. Bxf5 Nb5 18. Qd3 Rxe1+ 19. Rxe1 c6 20. h4 Nf8 21. h5 g6
22. Bh3 Nc7 23. Ne5 Bxe5 24. Bxe5 Nce6 25. hxg6 Nxg6 26. Bxe6 fxe6 27. Qh3 Qd7
28. Bd6 Re8 29. f4 Qf7 30. g3 b6 31. b4 b5 32. Kg2 a6 33. Qg4 Kh8 34. a3 Rg8 35.
Qxe6 Qg7 36. Kf2 Rd8 37. Be5 Nxe5 38. Qxe5 Rd7 39. Re3 Kg8 40. Qe8+ Qf8 41. Qxd7
Qf6 42. Qe8+ Qf8 43. Qxf8+ Kxf8 44. Kf3 Kf7 45. g4 a5 46. Kg3 a4 47. f5 Kf6 48.
Kf4 h6 49. Rh3 Kf7 50. Rxh6 Ke7 51. g5 Kd7 52. Rh7+ Kc8 53. g6 Kb8 54. Rf7 Ka8
55. g7 Kb8 56. f6 Ka8 57. Ke5 Kb8 58. Kd6 Ka8 59. Kxc6 Kb8 60. Kxd5 Ka8 61. Kd6
Kb8 62. Kc6 Ka8 63. Kxb5 Kb8 64. Kxa4 Ka8 65. Kb3 Kb8 66. a4 Ka8 67. b5 Kb8 68.
a5 Ka8 69. d5 Kb8 70. a6 Ka8 71. b6 Kb8 72. c6 Ka8 73. d6 Kb8 74. Kc4 Ka8 75.
Kd4 Kb8 76. Ke4 Ka8 77. Kf5 Kb8 78. Re7 Ka8 79. f7 Kb8 80. g8=Q# 1-0

[Event "Titled Tue 3rd Jun Early"]
[Site "chess.com INT"]
[Date "2025.06.03"]
[Round "6"]
[White "Vaganian, Rafael A"]
[Black "Weetik, Vjacheslav"]
[Result "1/2-1/2"]
[WhiteTitle "GM"]
[BlackTitle "FM"]
[WhiteElo "2449"]
[BlackElo "2423"]
[WhiteFideId "13300016"]
[BlackFideId "4153472"]
[EventDate "2025.06.03"]

1. d4 d5 2. c4 c6 3. Nf3 Nf6 4. Nc3 e6 5. e3 Nbd7 6. Bd3 dxc4 7. Bxc4 b5 8. Bd3
b4 9. Ne4 Nxe4 10. Bxe4 Bb7 11. Nd2 Be7 12. O-O O-O 13. a3 a5 14. Nc4 Qc7 15.
Qc2 Nf6 16. Bf3 c5 17. Bxb7 Qxb7 18. dxc5 Rfc8 19. axb4 Qxb4 20. b3 a4 21. Rxa4
Rxa4 22. bxa4 Qxc5 23. Ba3 Qxc4 24. Qxc4 Rxc4 25. Bxe7 Nd5 26. Bd6 Rxa4 27. Rc1
h5 28. h3 h4 29. Kf1 g5 30. Rc2 Kg7 31. Ke2 Kg6 32. Be5 f6 33. Bd4 e5 34. Bc5
Kf5 35. Kf3 e4+ 36. Ke2 Ke6 37. Bd4 Nb4 38. Rb2 f5 39. f3 Nd3 40. Rb6+ Kd7 41.
Rb5 Ra2+ 42. Kd1 Rxg2 43. Rxf5 exf3 44. Rxf3 g4 45. hxg4 h3 46. Rf7+ Ke6 47. Rh7
h2 48. e4 Nf4 49. Rh6+ Kd7 50. Be5 Rg1+ 51. Kd2 Rg2+ 52. Ke3 Ng6 53. Rxh2 Rxg4
54. Rh7+ Ke6 55. Bd4 Ne7 56. Rh6+ Kd7 57. Rh7 Ke6 58. Rh6+ Kd7 59. Rh7 Ke6 1/2-1/2

[Event "Titled Tue 3rd Jun Early"]
[Site "chess.com INT"]
[Date "2025.06.03"]
[Round "6"]
[White "Avila Rodriguez, Joshua Adrian"]
[Black "Klepek, Witold"]
[Result "0-1"]
[WhiteTitle "FM"]
[BlackTitle "CM"]
[WhiteElo "2302"]
[BlackElo "2253"]
[WhiteFideId "5126444"]
[BlackFideId "1175068"]
[EventDate "2025.06.03"]

1. e4 c5 2. Nf3 e6 3. d4 cxd4 4. Nxd4 Nf6 5. Nc3 Nc6 6. Be2 Bc5 7. Nb3 Be7 8.
Be3 a6 9. O-O Qc7 10. a4 b6 11. f4 d6 12. Qe1 Bb7 13. Qg3 O-O 14. Rae1 Nb4 15.
Bd3 d5 16. e5 Ne4 17. Bxe4 dxe4 18. Qf2 b5 19. axb5 axb5 20. Nxb5 Qxc2 21. N5d4
Qxf2+ 22. Bxf2 Nd3 23. Re2 Nxf2 24. Rexf2 Bd5 25. Re2 Rfb8 26. Re3 g6 27. Rc1
Ra2 28. Rc2 Bd8 29. Kf2 Bb6 30. Ke2 Bxb3 31. Rxb3 Kg7 32. Rc6 Ba7 33. Rxb8 Bxb8
34. Rc2 Ba7 35. Nc6 Bb6 36. g3 g5 37. Kd2 gxf4 38. gxf4 Kg6 39. Kc3 Kf5 40. Kb3
Ra1 41. Nb4 e3 42. Nd3 Ke4 43. Kc3 Rd1 44. Nc1 Kxf4 45. b4 Kxe5 46. Ne2 f5 47.
Kc4 f4 48. Kb5 Bd8 49. Nc3 Rd2 50. Rc1 e2 51. Kc4 f3 52. Re1 Kf4 53. Nxe2+ fxe2
54. b5 Ke3 55. Kc5 Rd1 56. Rxd1 exd1=Q 57. Kc6 Qb1 58. Kb7 Qxb5+ 59. Kc8 Bg5 60.
Kc7 Qc5+ 61. Kb8 Bf4+ 62. Kb7 Qb5+ 63. Ka8 Qb8# 0-1

[Event "Titled Tue 3rd Jun Early"]
[Site "chess.com INT"]
[Date "2025.06.03"]
[Round "6"]
[White "Reshetnikov, Alexey"]
[Black "Ter-Sahakyan, Samvel"]
[Result "1/2-1/2"]
[WhiteTitle "IM"]
[BlackTitle "GM"]
[WhiteElo "2492"]
[BlackElo "2611"]
[WhiteFideId "4162080"]
[BlackFideId "13302531"]
[EventDate "2025.06.03"]

1. d4 Nf6 2. c4 e6 3. Nc3 d5 4. Bg5 dxc4 5. e3 c5 6. Bxc4 cxd4 7. exd4 Be7 8.
Nf3 O-O 9. O-O Nc6 10. a3 b6 11. Qd3 Bb7 12. Rad1 h6 13. Be3 Bd6 14. Ba2 Ne7 15.
Ne5 Bxe5 16. dxe5 Qxd3 17. Rxd3 Nfd5 18. Nxd5 Bxd5 19. Bxd5 Nxd5 20. Rc1 Rfc8
21. Rdd1 Kf8 22. Bd2 Ke7 23. Bb4+ Kd7 24. Bd6 f5 25. Kf1 g5 26. Ke2 h5 27. Kd2
Rxc1 28. Rxc1 Rc8 29. Rxc8 Kxc8 30. f3 Kd7 31. Bf8 g4 32. Bh6 Ke8 33. Kd3 Kf7
34. Bd2 Ke8 35. Kc4 Kd7 36. a4 Kc6 37. b4 a6 38. b5+ axb5+ 39. axb5+ Kd7 40. Kd4
Ke7 41. f4 h4 42. Kc4 Kd7 43. Bc1 Ne7 44. Be3 Kc7 45. Bd2 Nd5 46. Bc1 Kd7 47.
Bd2 Ke7 48. Bc1 Kf7 49. Bd2 Kg6 50. Bc1 h3 51. g3 Kf7 52. Bd2 Ke7 53. Bc1 Kd7
54. Bd2 Kc7 55. Bc1 Kb7 56. Bd2 Nc7 57. Be3 Ne8 58. Bd4 Ng7 59. Be3 Nh5 60. Bf2
Kc7 61. Kd4 Ng7 62. Kc4 Ne8 63. Kd4 Kb7 64. Kc4 Nc7 65. Be3 Nd5 66. Bd2 Kc7 67.
Bc1 Kd7 68. Bd2 Kc7 1/2-1/2

[Event "Titled Tue 3rd Jun Early"]
[Site "chess.com INT"]
[Date "2025.06.03"]
[Round "6"]
[White "Montano Vicente, Guadalupe"]
[Black "Saiz Rodriguez, Daniel Evelio"]
[Result "0-1"]
[BlackTitle "FM"]
[WhiteElo "1940"]
[BlackElo "2187"]
[WhiteFideId "5181399"]
[BlackFideId "3523420"]
[EventDate "2025.06.03"]

1. d4 d5 2. c4 e6 3. Nc3 Nf6 4. Bg5 Be7 5. Nf3 h6 6. Bh4 O-O 7. e3 b6 8. cxd5
Nxd5 9. Nxd5 Bxh4 10. Nxh4 exd5 11. Nf3 c5 12. dxc5 bxc5 13. Rc1 Qb6 14. Qxd5
Qxb2 15. Qxc5 Be6 16. Qc2 Qxa2 17. Bd3 Nd7 18. Qxa2 Bxa2 19. Be4 Rac8 20. Ra1
Nc5 21. Rxa2 Nxe4 22. O-O Rc7 23. Rfa1 Rfc8 24. g3 Rc1+ 25. Rxc1 Rxc1+ 26. Kg2
Rc7 27. Nd4 Nd6 28. Ra6 Nc4 29. Nb5 Rd7 30. Rxa7 Rd2 31. Kf3 Ne5+ 32. Ke4 Ng4
33. f4 Nxh2 34. Nd4 g6 35. Ra8+ Kg7 36. Ra7 Rg2 37. Ne6+ Kf6 38. Nf8 Rxg3 39.
Nd7+ Kg7 40. Ne5 Ng4 41. Rxf7+ Kg8 42. Rd7 Rxe3+ 43. Kd4 Rg3 44. Nxg6 Nf6 45.
Rd8+ Kg7 46. Ne5 h5 47. Rc8 h4 48. Rc7+ Kg8 49. Rc8+ Kh7 50. Rc7+ Rg7 51. Rxg7+
Kxg7 52. Nf3 h3 53. Ke3 Ng4+ 54. Ke2 Kg6 55. Kf1 Kf5 56. Kg1 Kxf4 57. Nh2 Ne3
58. Nf1 Nf5 59. Kh2 Kg4 0-1

[Event "Titled Tue 3rd Jun Early"]
[Site "chess.com INT"]
[Date "2025.06.03"]
[Round "6"]
[White "Sturt, Raven"]
[Black "Le, Tuan Minh"]
[Result "1-0"]
[WhiteTitle "GM"]
[BlackTitle "GM"]
[WhiteElo "2459"]
[BlackElo "2598"]
[WhiteFideId "2007304"]
[BlackFideId "12401153"]
[EventDate "2025.06.03"]

1. f4 d5 2. Nf3 g6 3. e3 Bg7 4. c4 e6 5. Nc3 Ne7 6. b4 a5 7. b5 c5 8. bxc6 Nbxc6
9. Ba3 O-O 10. Rb1 Re8 11. d4 Nf5 12. Qd2 b6 13. c5 bxc5 14. Bxc5 a4 15. Bb5 Bd7
16. O-O Na5 17. Bd3 Bc6 18. Ne5 Nd6 19. Bb6 Qc8 20. Rfc1 Nac4 21. Qe2 Rb8 22.
Bc5 Rxb1 23. Rxb1 Qc7 24. Nxc4 dxc4 25. Bxc4 Rb8 26. Bd3 h5 27. Qc2 Rxb1+ 28.
Qxb1 Nf5 29. Bxf5 gxf5 30. Qb4 Qd7 31. Qb8+ Kh7 32. Bd6 f6 33. Kf2 Kg6 34. g3
Kh7 35. Bf8 Bxf8 36. Qxf8 Qb7 37. Qa3 Bh1 38. Ne2 Kg6 39. Qf8 Qg2+ 40. Ke1 Qxh2
41. Qg8+ Kh6 42. Qxe6 Bf3 43. Qxf6+ Kh7 44. Qxf5+ Kg7 45. Qd7+ Kg8 46. Qc8+ Kg7
47. Qc7+ Kg8 48. Qc4+ Kg7 49. d5 Qh1+ 50. Kd2 Bxd5 51. Qxa4 Qg2 52. Qd4+ Kg8 53.
a4 Bf3 54. Qc4+ Kg7 55. f5 Bg4 56. a5 Qb7 57. Nd4 Qb2+ 58. Qc2 Qa3 59. Qc3 Qa1
60. Qxa1 1-0

[Event "Titled Tue 3rd Jun Early"]
[Site "chess.com INT"]
[Date "2025.06.03"]
[Round "6"]
[White "Pulido Alvarez, Ariel"]
[Black "Shymanskyi, Oleksandr"]
[Result "1-0"]
[WhiteTitle "FM"]
[BlackTitle "FM"]
[WhiteElo "2252"]
[BlackElo "2218"]
[WhiteFideId "3503011"]
[BlackFideId "14168880"]
[EventDate "2025.06.03"]

1. e4 d5 2. exd5 Nf6 3. Nc3 Nxd5 4. Bc4 c6 5. Qf3 Nf6 6. h3 Nbd7 7. d4 Nb6 8.
Bb3 Nbd5 9. Nge2 b6 10. Bg5 e6 11. Nxd5 cxd5 12. Ba4+ Bd7 13. Bxf6 Qxf6 14.
Bxd7+ Kxd7 15. Qd3 Qe7 16. O-O Qd6 17. f4 g6 18. a4 Bg7 19. a5 h5 20. Ra3 Qc6
21. Rfa1 b5 22. Rc3 Qb7 23. a6 Qb6 24. Rb3 Rab8 25. Kh1 Rhc8 26. Qg3 Bxd4 27. f5
gxf5 28. Rd1 Bf6 29. Qf3 Ke7 30. Nf4 Qxa6 31. Nxh5 Rxc2 32. Qf4 Rc4 33. Qxb8 Bd4
34. Qg8 Qa4 35. Rbd3 Be5 36. b3 Qa2 37. bxc4 bxc4 38. Re3 Bd6 39. Qg5+ Kd7 40.
Qf6 Qc2 41. Qxf7+ Kc6 42. Ra1 Qb2 43. Qxa7 Bc5 44. Qa6+ Bb6 45. Rxe6+ Kc5 46.
Qxb6+ Qxb6 47. Rxb6 Kxb6 48. Ng3 c3 49. Nxf5 Kc5 50. Rc1 d4 51. Nxd4 Kxd4 52. h4
Kd3 53. h5 Kd2 54. Rxc3 Kxc3 55. h6 Kd4 56. h7 Kd3 57. h8=Q Kc4 58. Qe5 Kd3 59.
Kg1 Kc4 60. Kf2 Kd3 61. Kf3 Kc2 62. Qd4 Kb3 63. Qc5 Ka2 64. Ke3 Kb1 65. Kd2 Ka2
66. Kc2 1-0

[Event "Titled Tue 3rd Jun Early"]
[Site "chess.com INT"]
[Date "2025.06.03"]
[Round "6"]
[White "Khegay, Yuliya"]
[Black "Redor, Menandro"]
[Result "1/2-1/2"]
[WhiteTitle "WFM"]
[WhiteElo "1879"]
[BlackElo "2021"]
[WhiteFideId "14205394"]
[BlackFideId "5222010"]
[EventDate "2025.06.03"]

1. e4 d5 2. exd5 Nf6 3. Nc3 Nxd5 4. Nxd5 Qxd5 5. c4 Qa5 6. Nf3 g6 7. a3 c6 8. b4
Qc7 9. Bb2 f6 10. Bd3 Bg7 11. O-O O-O 12. c5 e5 13. Bc4+ Kh8 14. d4 Bg4 15. dxe5
fxe5 16. Be2 Nd7 17. Re1 Rad8 18. Qb3 b6 19. cxb6 axb6 20. Rac1 c5 21. h3 Bxf3
22. Bxf3 Rde8 23. Bg4 Nf6 24. bxc5 bxc5 25. Rc4 Rb8 26. Qc2 Nxg4 27. Rxg4 Qa5
28. Rxe5 Qb6 29. Bc3 Qb1+ 30. Qxb1 Rxb1+ 31. Kh2 Bxe5+ 32. Bxe5+ Kg8 33. Bd6 Rc8
34. Rc4 Rc6 35. Be7 Rb7 36. Bg5 Rb3 37. Be3 Rxa3 38. Rxc5 Rxc5 39. Bxc5 Rc3 40.
Bd4 Rc2 41. g4 Kf7 42. Kg3 Ke6 43. h4 Rd2 44. Be3 Rd3 45. Kf3 Kd5 46. Ke2 Ra3
47. Kf3 Ke5 48. Kg3 Ke4 49. h5 Rxe3+ 50. fxe3 Kxe3 51. hxg6 hxg6 52. Kh4 Kf4 53.
g5 Kf5 54. Kh3 Kf4 55. Kh4 Kf5 56. Kh3 Kxg5 57. Kg3 Kf5 58. Kf3 g5 59. Kg3 g4
60. Kg2 Kf4 61. Kf2 Kg5 62. Kg3 Kh6 63. Kxg4 1/2-1/2

[Event "Titled Tue 3rd Jun Early"]
[Site "chess.com INT"]
[Date "2025.06.03"]
[Round "6"]
[White "Luong Phuong Hanh"]
[Black "Nguyen Quang Anh"]
[Result "0-1"]
[WhiteTitle "WIM"]
[BlackTitle "CM"]
[WhiteElo "2144"]
[BlackElo "2052"]
[WhiteFideId "12401013"]
[BlackFideId "12432377"]
[EventDate "2025.06.03"]

1. d4 c5 2. d5 e6 3. Nc3 Nf6 4. e4 d6 5. Bb5+ Bd7 6. a4 Be7 7. Nf3 a6 8. Be2
exd5 9. exd5 O-O 10. O-O Bg4 11. Nd2 Bxe2 12. Qxe2 Nbd7 13. Nc4 Re8 14. Qd1 Rb8
15. a5 Bf8 16. Bf4 Ne4 17. Re1 Nxc3 18. bxc3 Qf6 19. Qd2 h6 20. h3 b5 21. axb6
Nxb6 22. Rxe8 Nxc4 23. Rxb8 Nxd2 24. Bxd2 Qf5 25. Rxa6 Qxd5 26. Bf4 Qc4 27. Raa8
Qxf4 28. Rxf8+ Kh7 29. Ra1 Qf6 30. Rd1 h5 31. c4 Qe6 32. Rd8 Qxc4 33. Rd2 Qf4
34. R8xd6 c4 35. g3 Qe5 36. R6d5 Qe1+ 37. Kg2 g6 38. c3 Qe4+ 39. Kh2 Qe1 40.
R5d4 Qc1 41. Re2 Qxc3 42. Ree4 Kh6 43. Rxc4 Qd2 44. Rf4 Qd5 45. Rc7 f5 46. Rc2
Qd6 47. h4 Qe6 48. Rd2 Qe1 49. Rc2 Qe6 50. Rc5 Qd6 51. Rb5 Qd2 52. Rb6 Qe2 53.
Rxf5 Kg7 54. Rff6 Kh7 55. Rf7+ Kh6 56. Rff6 Kh7 57. Kg2 Qe4+ 58. Kh3 Qh1# 0-1

[Event "Titled Tue 3rd Jun Early"]
[Site "chess.com INT"]
[Date "2025.06.03"]
[Round "6"]
[White "Sava, Robert-Gabriel"]
[Black "Gattani, Sarthak"]
[Result "1-0"]
[WhiteTitle "CM"]
[WhiteElo "2155"]
[BlackElo "1869"]
[WhiteFideId "1265725"]
[BlackFideId "30995965"]
[EventDate "2025.06.03"]

1. d4 d5 2. c4 e6 3. Nf3 Nf6 4. g3 Be7 5. Bg2 O-O 6. O-O c6 7. Nc3 b6 8. Nd2 Bb7
9. e4 Na6 10. e5 Nd7 11. Qc2 f6 12. cxd5 cxd5 13. exf6 Nxf6 14. Re1 Qd7 15. Nf3
Bd6 16. Bh3 Rae8 17. Ng5 Nc7 18. Bd2 h6 19. Nf3 Qf7 20. Bg2 Ne4 21. Be3 e5 22.
Nxe4 dxe4 23. Nxe5 Bxe5 24. dxe5 Rxe5 25. Rac1 Nd5 26. Bd4 Ree8 27. Bxe4 Nb4 28.
Qb1 Bxe4 29. Rxe4 Nxa2 30. Rce1 Rxe4 31. Qxe4 Nb4 32. Qe7 Nd5 33. Qxf7+ Rxf7 34.
Re5 Nf6 35. h4 Rc7 36. Bc3 Kf7 37. Re2 Nd5 38. Bd4 Rc4 39. Rd2 Nf6 40. Bxf6 Kxf6
41. Rd7 Rb4 42. Rd2 a5 43. Kg2 a4 44. f4 Rb3 45. h5 b5 46. Kh3 g6 47. hxg6 Kxg6
48. Kg4 Kf6 49. Rd6+ Kg7 50. Rd2 Kf6 51. Kh4 Kf5 52. Rd5+ Ke4 53. Rd2 Kf3 54. f5
Ke4 55. Rf2 Rd3 56. f6 Rd8 57. f7 Rf8 58. Kh5 b4 59. Kg6 Ke3 60. Rf5 a3 61. bxa3
bxa3 62. Ra5 Kf3 63. Rxa3+ Kg4 64. Kg7 Rc8 65. f8=Q Rxf8 66. Kxf8 h5 67. Kg7 h4
68. gxh4 Kxh4 69. Kg6 1-0

[Event "Titled Tue 3rd Jun Early"]
[Site "chess.com INT"]
[Date "2025.06.03"]
[Round "6"]
[White "Alonso Rosell, Alvar"]
[Black "Madaminov, Mukhiddin"]
[Result "0-1"]
[WhiteTitle "GM"]
[BlackTitle "GM"]
[WhiteElo "2550"]
[BlackElo "2520"]
[WhiteFideId "2270544"]
[BlackFideId "14210703"]
[EventDate "2025.06.03"]

1. d4 Nf6 2. c4 g6 3. Nf3 Bg7 4. g3 b6 5. Nc3 Bb7 6. d5 e6 7. Bg2 O-O 8. O-O d6
9. e4 a5 10. Re1 e5 11. a3 Nbd7 12. Rb1 h6 13. b4 Ne8 14. Nh4 Kh7 15. Be3 Bf6
16. Nf3 axb4 17. axb4 Ba6 18. Bf1 Bg7 19. Qc2 Kg8 20. Nh4 Nef6 21. Be2 h5 22. h3
Nh7 23. Qd2 Bf6 24. Nf3 Bg7 25. g4 hxg4 26. hxg4 Ndf6 27. Nh2 Nd7 28. g5 f6 29.
gxf6 Ndxf6 30. Kh1 Rf7 31. Rg1 Nf8 32. Nf3 N6h7 33. Rg3 Bc8 34. Rbg1 Bd7 35. c5
bxc5 36. bxc5 Rb8 37. c6 Bc8 38. Ra1 Bf6 39. Rb1 Rxb1+ 40. Nxb1 Bh4 41. Rg2 Nf6
42. Nc3 Ng4 43. Bg5 Bxg5 44. Nxg5 Nxf2+ 45. Kg1 Rf4 46. Ne6 Nh3+ 47. Kh2 Qh4 48.
Nxf4 Nxf4+ 49. Kg1 Nxg2 50. Kxg2 Bh3+ 51. Kf3 Bg4+ 52. Kg2 Qh3+ 53. Kf2 Qh4+ 54.
Kg2 Qh3+ 55. Kf2 Qh2+ 56. Ke1 Qg1+ 57. Bf1 Qg3+ 58. Qf2 Qxc3+ 59. Qd2 Qg3+ 60.
Qf2 Qxf2+ 61. Kxf2 Kf7 62. Kg3 Bc8 63. Kh4 Nh7 0-1

[Event "Titled Tue 3rd Jun Early"]
[Site "chess.com INT"]
[Date "2025.06.03"]
[Round "6"]
[White "Wagner, Dennis"]
[Black "Khamdamova, Afruza"]
[Result "1-0"]
[WhiteTitle "GM"]
[BlackTitle "WIM"]
[WhiteElo "2616"]
[BlackElo "2344"]
[WhiteFideId "24650684"]
[BlackFideId "14210444"]
[EventDate "2025.06.03"]

1. e4 e5 2. Nf3 Nc6 3. Bc4 Nf6 4. d3 Bc5 5. c3 d6 6. O-O a5 7. Re1 h6 8. Nbd2
O-O 9. Nf1 Bb6 10. Ng3 Be6 11. Bb5 Ne7 12. d4 Ng6 13. h3 c6 14. Bd3 Re8 15. Be3
Qc7 16. Qd2 Kh7 17. Nf5 Bxf5 18. exf5 Nf8 19. dxe5 Bxe3 20. Qxe3 dxe5 21. Nxe5
Rad8 22. Bc2 Nd5 23. Qg3 f6 24. Ng6 Qxg3 25. Nxf8+ Rxf8 26. fxg3 Nb6 27. Rad1
Nc4 28. b3 Ne5 29. Kf2 b5 30. g4 b4 31. c4 a4 32. Ke3 Ra8 33. Kf4 axb3 34. axb3
Ra2 35. Be4 Rb2 36. Rb1 Rd2 37. Red1 Rfd8 38. Rxd2 Rxd2 39. h4 Rf2+ 40. Bf3 c5
41. g5 hxg5+ 42. hxg5 Kg8 43. g6 Kf8 44. Ke4 Ke7 45. Kd5 Nxf3 46. gxf3 Rxf3 47.
Re1+ Kd7 48. Kxc5 Rxb3 49. Rh1 Rf3 50. Kxb4 Rxf5 51. Rh7 Kc6 52. Rxg7 Rg5 53.
Rg8 Rg4 54. g7 Kb7 55. Kc3 f5 56. c5 Rg6 57. Kd3 1-0

[Event "Titled Tue 3rd Jun Early"]
[Site "chess.com INT"]
[Date "2025.06.03"]
[Round "6"]
[White "Nepomniachtchi, Ian"]
[Black "Mitrabha, Guha"]
[Result "1/2-1/2"]
[WhiteTitle "GM"]
[BlackTitle "GM"]
[WhiteElo "2757"]
[BlackElo "2515"]
[WhiteFideId "4168119"]
[BlackFideId "5057000"]
[EventDate "2025.06.03"]

1. e4 c6 2. d4 d5 3. Nc3 dxe4 4. Nxe4 Nf6 5. Nxf6+ exf6 6. Be3 Bd6 7. Bd3 O-O 8.
Ne2 Re8 9. O-O Nd7 10. Qd2 Nf8 11. Ng3 Qc7 12. c4 Bg4 13. Rae1 Rad8 14. f4 Qc8
15. f5 Bxg3 16. hxg3 Re7 17. Qf2 Rde8 18. Bd2 h5 19. Kh2 Qd7 20. Rxe7 Rxe7 21.
Re1 Rxe1 22. Bxe1 Qd6 23. Qf4 Qxf4 24. gxf4 g6 25. fxg6 fxg6 26. d5 cxd5 27.
cxd5 Kf7 28. Bf2 a6 29. Bd4 Bf5 30. Bc4 Nd7 31. a4 Ke7 32. Bc3 Kd6 33. Bb4+ Nc5
34. a5 Be4 35. Bb3 Bxd5 36. Bc2 f5 37. Ba4 Bc6 38. Bb3 Bd5 39. Bd1 Kc6 40. Kh3
Nd3 41. Ba4+ Kc7 42. Bd2 Bf7 43. Kh4 Nxb2 44. Bc2 Nc4 45. Bc3 Ne3 46. Be5+ Kc8
47. Bd3 Nxg2+ 48. Kg5 h4 49. Bf1 h3 50. Bd4 Nxf4 51. Kxf4 h2 52. Bg2 Be8 53. Kg3
Bc6 54. Kxh2 Bxg2 55. Kxg2 g5 56. Bf6 g4 57. Bd4 b5 58. axb6 f4 59. Be5 f3+ 60.
Kg3 a5 61. Bd4 a4 62. Kxg4 Kb7 63. Kxf3 a3 64. Ke4 a2 65. Kd5 a1=Q 66. Bxa1 Kxb6 1/2-1/2

[Event "Titled Tue 3rd Jun Early"]
[Site "chess.com INT"]
[Date "2025.06.03"]
[Round "6"]
[White "Beerdsen, Thomas"]
[Black "So, Wesley"]
[Result "0-1"]
[WhiteTitle "GM"]
[BlackTitle "GM"]
[WhiteElo "2535"]
[BlackElo "2751"]
[WhiteFideId "1030108"]
[BlackFideId "5202213"]
[EventDate "2025.06.03"]

1. e4 c6 2. d4 d5 3. f3 e6 4. Nc3 Bb4 5. Bd3 b6 6. Ne2 Nf6 7. e5 Nfd7 8. a3 Be7
9. Nf4 c5 10. Nh5 O-O 11. Nxg7 Kxg7 12. Qd2 Rh8 13. Qh6+ Kg8 14. h4 Bf8 15. Qh5
Bg7 16. Rh3 Nf8 17. Bg5 Qe8 18. Nb5 c4 19. Nd6 Qd7 20. Bh6 Ng6 21. Bxg7 Kxg7 22.
Bxg6 fxg6 23. Qg4 h5 24. Qf4 Rf8 25. Qe3 Nc6 26. O-O-O Nd8 27. g4 Nf7 28. gxh5
Nxd6 29. exd6 Qxd6 30. Kb1 Qf4 31. Qg1 Qf5 32. Rg3 Qxh5 33. Rg5 Qxh4 34. Rxg6+
Kf7 35. Rg7+ Ke8 36. Ka2 Kd8 37. Qg2 Qf6 38. Rh1 Rf7 39. Rhh7 Rxg7 40. Rxg7 Bd7
41. Qg3 Rc8 42. Rg8+ Ke7 43. Rg7+ Kd8 44. Rg8+ Ke7 45. Rg7+ Ke8 46. Rh7 Kd8 47.
Rg7 Rc6 48. Rg8+ Ke7 49. Qb8 Rc8 50. Rxc8 Bxc8 51. Qxc8 Qxd4 52. Qb7+ Kf6 53.
Qxa7 e5 54. Qb8 Qc5 55. Qh8+ Ke6 56. Qh6+ Kf5 57. Qh5+ Kf4 58. Qg4+ Ke3 59. Qg5+
Kxf3 60. Qxe5 d4 61. Qe8 d3 62. Qf7+ Ke2 63. Qe6+ Kd2 64. Qh6+ Kxc2 65. Qh2+ d2
66. Qg2 Qd4 67. Qg6+ Qd3 68. Qg2 Qb3+ 69. Ka1 Qxb2# 0-1

[Event "Titled Tue 3rd Jun Early"]
[Site "chess.com INT"]
[Date "2025.06.03"]
[Round "6"]
[White "Materia, Marco"]
[Black "Zhigalko, Sergei"]
[Result "0-1"]
[WhiteTitle "IM"]
[BlackTitle "GM"]
[WhiteElo "2489"]
[BlackElo "2572"]
[WhiteFideId "45150451"]
[BlackFideId "13502956"]
[EventDate "2025.06.03"]

1. Nf3 d5 2. b3 Bf5 3. Bb2 e6 4. d3 h6 5. g3 Nf6 6. Bg2 Be7 7. O-O O-O 8. Nbd2
a5 9. a3 Bh7 10. Ne5 Nbd7 11. e4 c6 12. Qe2 Nxe5 13. Bxe5 Qb6 14. Kh1 Nd7 15.
Bb2 Bf6 16. e5 Be7 17. f4 a4 18. b4 c5 19. c3 Qa6 20. Rf3 Rfd8 21. g4 Re8 22.
Re1 Rad8 23. Nf1 d4 24. f5 Bh4 25. Ng3 exf5 26. cxd4 cxd4 27. Bxd4 fxg4 28. Rf4
h5 29. Nxh5 Bxe1 30. Nxg7 Qxd3 31. Qxe1 Kxg7 32. e6+ f6 33. Rxg4+ Kh8 34. Rh4
Re7 35. Bf1 Qf5 36. Bh3 Qg6 37. Qf1 Ne5 38. Bc5 Rg7 39. e7 Re8 40. Bf5 Qf7 41.
Be4 Rxe7 42. Bxe7 Qxe7 43. Qf5 Qf7 44. Qc8+ Qg8 45. Qc1 Ng6 46. Rh3 Ne7 47. Qe3
f5 48. Bd3 Qd5+ 49. Rf3 f4 50. Qxf4 Bxd3 51. Qf8+ Ng8 52. h4 Bh7 53. Kh2 Qe5+
54. Rf4 Qe2+ 55. Rf2 Qe5+ 56. Rf4 Qb2+ 57. Rf2 Qxa3 58. Qd6 Qc3 59. b5 Qc7 60.
Qxc7 Rxc7 61. Ra2 Rc4 62. Kg3 Rb4 63. Rd2 a3 0-1

[Event "Titled Tue 3rd Jun Early"]
[Site "chess.com INT"]
[Date "2025.06.03"]
[Round "6"]
[White "Torres Rebolledo, Alvaro"]
[Black "Goncharov, Vladimir"]
[Result "1-0"]
[WhiteTitle "FM"]
[WhiteElo "2336"]
[BlackElo "2077"]
[WhiteFideId "54587670"]
[BlackFideId "34162256"]
[EventDate "2025.06.03"]

1. Nf3 Nf6 2. g3 b5 3. Bg2 Bb7 4. a4 b4 5. d3 a5 6. Nbd2 e6 7. O-O Be7 8. e4 d6
9. Re1 O-O 10. c3 c5 11. d4 bxc3 12. bxc3 cxd4 13. cxd4 d5 14. e5 Nfd7 15. Nb3
Na6 16. Bd2 Nb4 17. h4 h6 18. Rc1 Ba6 19. Re3 Bc4 20. Bc3 Na2 21. Ra1 Nxc3 22.
Rxc3 Qb6 23. Nbd2 Ba6 24. Rac1 Rfc8 25. Nb3 Rxc3 26. Rxc3 Bb4 27. Rc1 Rc8 28.
Rxc8+ Bxc8 29. Qc2 Ba6 30. g4 Qb7 31. g5 Qc8 32. Qb1 Qc3 33. Nc1 Nb6 34. g6 fxg6
35. Kh2 Kf7 36. h5 gxh5 37. Nh4 Ke7 38. Qg6 Qxc1 39. Qxg7+ Kd8 40. Qf6+ Be7 41.
Qxe6 Qc7 42. Nf5 Qd7 43. Qxb6+ Ke8 44. Qxa6 Qxf5 45. Qa8+ Kf7 46. Qxd5+ Kg7 47.
Qe4 Qg5 48. d5 Bb4 49. d6 Bd2 50. d7 Bf4+ 51. Kg1 Bxe5 52. Qxe5+ Qxe5 53. d8=Q
Qe1+ 54. Kh2 Qxf2 55. Qd7+ Kf8 56. Qd8+ Kg7 57. Qc7+ Kf8 58. Qg3 Qd4 59. Qf3+
Kg7 60. Qb7+ Kf8 61. Qe4 Qd6+ 62. Kh3 1-0

[Event "Titled Tue 3rd Jun Early"]
[Site "chess.com INT"]
[Date "2025.06.03"]
[Round "6"]
[White "Troltenier, Dirk"]
[Black "Souleidis, Georgios"]
[Result "1/2-1/2"]
[WhiteTitle "FM"]
[BlackTitle "IM"]
[WhiteElo "2174"]
[BlackElo "2418"]
[WhiteFideId "4606400"]
[BlackFideId "4206827"]
[EventDate "2025.06.03"]

1. e4 c5 2. Nf3 e6 3. c3 d5 4. exd5 Qxd5 5. d4 Nf6 6. Be3 cxd4 7. cxd4 Nc6 8.
Nc3 Qd6 9. Bd3 Be7 10. O-O O-O 11. Qe2 Nb4 12. Bb1 Nbd5 13. Ne4 Nxe4 14. Bxe4
Nf6 15. Bd3 b6 16. Rac1 Bb7 17. a3 Rac8 18. h3 h6 19. Rfd1 Rfd8 20. Ne5 Qd5 21.
f3 Qb3 22. Bc2 Qd5 23. Bd3 Qd6 24. Nc4 Qb8 25. Ne5 Nd5 26. Bd2 Rxc1 27. Rxc1 Rc8
28. Re1 Qc7 29. Nxf7 Kxf7 30. Qxe6+ Ke8 31. Qg8+ Kd7 32. Bf5+ Kc6 33. Rc1+ Bc5
34. Qe6+ Qd6 35. dxc5 Qxe6 36. Bxe6 Re8 37. cxb6+ Kxb6 38. Bf5 Re2 39. Rd1 Ne3
40. Bxe3+ Rxe3 41. Rd2 g5 42. Kf2 Re5 43. Bd3 Bd5 44. Be2 Bc6 45. Rd6 h5 46. Rd4
h4 47. Bd3 a5 48. Be4 Bb5 49. Rd5 Rxd5 50. Bxd5 Kc5 51. Bf7 Kd4 52. g3 Bc6 53.
gxh4 gxh4 54. Be6 Kd3 55. Bf5+ Kd2 56. b4 axb4 57. axb4 Kc3 58. Ke3 Kxb4 59. Be4
Bd7 60. Kf4 Bxh3 61. Kg5 Bg2 62. Kxh4 Bxf3 1/2-1/2